Little ballet star (Record no. 121806)

MARC details
000 -LÍDER
campo de controle de tamanho fixo 00968 a2200205 4500
001 - NÚMERO DE CONTROLE
campo de controle 121806
020 ## - ISBN - INTERNATIONAL STANDARD BOOK NUMBER
ISBN - International Standard Book Number 9780545279741
040 ## - FONTE DA CATALOGAÇÃO
Instituição que transcreveu o registro Escola Canadense de Niteroi
090 ## - NÚMERO DE CHAMADA LOCAL
Número de chamada (OCLC) (R); Número de chamada, CALL (RLIN) (NR) L3 - GER
100 ## - ENTRADA PRINCIPAL--NOME PESSOAL
Nome pessoal Geras, Adèle
245 10 - TÍTULO
Título Little ballet star
260 ## - PUBLICAÇÃO, DISTRIBUIÇÃO, ETC.
Local de publicação, distribuição, etc. New York
300 ## - DESCRIÇÃO FÍSICA
Extensão 32 p.
Dimensões 2 x 0.37 x 11.2 inches
362 0# - DATAS DE PUBLICAÇÃO E/OU DESIGNAÇÃO SEQUENCIAL
Datas de publicação e/ou designação sequencial 2008
520 ## - NOTA DE RESUMO, ETC
Resumo, etc. Readers are invited to join Tilly for her special birthday treat as she discovers the bustle and excitement behind the scenes at a real ballet performance. From backstage warm-ups, to a trip to the dressing room, to an unexpected wardrobe change?Tilly is just like a real ballerina. The only thing that could make her day even more thrilling? The chance to shine on stage! This charming story captures the delight and anticipation of attending an actual ballet, and makes a perfect gift for every aspiring ballerina.
650 #4 - ASSUNTO--TERMO TÓPICO
Cabeçalho tópico ou nome geográfico Ballet
650 #4 - ASSUNTO--TERMO TÓPICO
Cabeçalho tópico ou nome geográfico Dance
650 #4 - ASSUNTO--TERMO TÓPICO
Cabeçalho tópico ou nome geográfico Children's Literature
942 ## - ELEMENTOS DE ENTRADA ADICIONADOS (KOHA)
Tipo de material Koha Livros
Holdings
Situação do descarte Situação das perdas Situação física Não pode ser emprestado Biblioteca de origem Biblioteca atual Data de aquisição Total de empréstimos Número de chamada completo Código de barras Data de último acesso Data do preço efetivo Tipo de material Koha
        Canadian School of Niterói - Piratininga Canadian School of Niterói - Piratininga 09/02/2024   L3 - GER A17429 09/02/2024 09/02/2024 Livros
        Canadian School of Niterói - Piratininga Canadian School of Niterói - Piratininga 09/02/2024   L3 - GER A19259 09/02/2024 09/02/2024 Livros